Statistics for Five Biggest Countries by Latitude

Click here to take the quiz!

General Stats

  • This quiz has been taken 37,912 times
    (37,877 since last reset)
  • The average score is 19 of 27

Answer Stats

LAT. Country % Correct
75°N, 60°N, 45°NRussia
99%
75°N, 60°N, 45°NCanada
98%
60°N, 45°N, 30°NUnited States
98%
0°, 15°S, 30°SBrazil
97%
45°N, 30°NChina
97%
15°S, 30°SAustralia
96%
30°S, 45°SArgentina
92%
30°N, 15°NIndia
91%
30°S, 45°SChile
81%
30°SSouth Africa
79%
15°NMexico
79%
D.R. Congo
77%
Indonesia
75%
45°NKazakhstan
71%
45°SNew Zealand
68%
30°NAlgeria
67%
30°NSaudi Arabia
65%
60°NSweden
65%
60°NNorway
65%
15°NSudan
60%
15°SPeru
58%
15°NChad
53%
15°NNiger
53%
Colombia
51%
15°SBolivia
41%
15°SAngola
38%
Somalia
22%

Score Distribution

Percentile by Number Answered

Percent of People with Each Score

Your Score History

You have not taken this quiz since the last reset